000 00511nam a22001937a 4500
003 OSt
005 20210426082156.0
008 210215s1965 ||||| |||| 00| 0 eng d
040 _aeng
_beng
_cDLC
041 _aeng
080 _a94
_bT-85
100 _9853
_aTrevelyan, Macaulay. George
245 _aA Shortened History of England
_c/ by: Penguin Books
260 _aAylesbury
_bPenguin Books
_c1965
300 _a603 p.
_bill.
650 0 _9252
_aHistory
653 _aისტორია
942 _2udc
_cBK
999 _c1363
_d1363